000 00581cab a2200241 4500
001 ABS60344
008 090401t1999 xxu||||| |||| 00| 0 eng d
035 _a(Sirsi) u92520
041 _aeng
100 _aKnutt, E.
245 _aSun, sea and service stations
260 _c1999
350 _a0
490 _aBuilding
_v264(8081) 1 April 1999, 34-39(6)
650 _aCONSULTANTS
650 _aLEISURE FACILITIES
650 _aLEISURE MARKET
650 _aOVERSEAS CONSTRUCTION
650 _aSPAIN
690 _aOVERSEAS-EUROPE
942 _n0
948 _c01/04/1999
999 _c58648
_d58648